1481 1719 1619 1782 1004 1752 1617 1056 1603 1101 1636 1936 1861 1935 1138 1469 1308 1376 1023 1674 1589 1205 1845 1083 1420 1460 1637 1950 1060 1370 1003 1818 1027 1238 1353 1078 1337 1146 1546 1630 1414 1021 1484 1550 1855 1744 1760 1169 1756 1839 1319 1050 1200 1840 1426 1712 1559 1892 1704 1588 1361 1417 1893 1909 1995 1758 1664 1972 1004 1611 1280 1270 1055 1882 1603 1318 1800 1085 1323 1342 1741 1632 1908 1269 1414 1341 1202 1533 1774 1017 1883 1342 1071 1376 1421 1711 1818 1567 1947 BCNSPRNW ULIB Ver.6.0+V

เปลี่ยนเป็นภาษาไทย

Change to English
 แสดงรายละเอียดบรรณานุกรม
  กลับหน้าหลัก

Brief Record : Get Marc (ISO 2709) : E-mail record : QR code < ปิดหน้าต่าง
LEADER : 00000nas 2200000uu 4500
001    13399127613
003     ULIB
008    210308s2563||||th 000 0 tha d
022 0  ^a01257323
245 00 ^aวารสารการแพทย์เขต 4-5 = REGION 4-5 MEDICAL JOURNAL/^cชมรมแพทย์เขต 4-5
310    ^aรายสามเดือน
850 ^a ULIB^bปีที่ 39 ฉบับที่ 4 ฉ.1 ;ปีที่ 41 ฉบับที่ 4 ฉ.1
945    ^p0^l0^i905672
945    ^p0^l0^i906069
999    ^aประนอม เกษจรัล
รายการนี้ยังไม่มีแท็ก
คุณยังไม่ได้ล็อกอิน คุณสามารถมีกิจกรรมร่วมกับเว็บไซต์ได้ แต่ต้องล็อกอินก่อน ::
  ล็อกอิน

รายการสื่อสารสนเทศ (วารสาร)

ดูแบบ: กล่อง รายการ
ARRIVED
ปีที่ 39 ฉบับที่ 4 ฉ.1
สถานที่: ห้องสมุดวิทยาเขตสวรรค์ประชารักษ์ >วารสาร
ARRIVED
ปีที่ 41 ฉบับที่ 4 ฉ.1
สถานที่: ห้องสมุดวิทยาเขตสวรรค์ประชารักษ์ >วารสาร

BibComment


ยังไม่เคยถูกคอมเมนท์

คอมเมนท์ทรัพยากรรายการนี้
  คอมเมนท์: วารสารการแพทย์เข..


 Copyright 2026. Bcnsprnw @Library